| 000 | 02062nam a2200289 a 4500 | ||
|---|---|---|---|
| 001 | ASIN0415371260 | ||
| 005 | 20170105102844.0 | ||
| 008 | 130805s2008 xxu eng d | ||
| 020 |
_a0415371260 (hardcover) _c$130.00 |
||
| 020 | _a9780415371261 (hardcover) | ||
| 040 | _a0 | ||
| 050 | 0 | 4 | _aBP190.5.T47 |
| 082 | 0 | 4 | _a303.625088297 |
| 245 | 1 | 0 |
_aTransnational islam and regional security : _bcooperation and diversity between europe and north africa / _cFrederic Volpi. |
| 250 | _a1st ed. | ||
| 260 |
_a[S.l.] : _bRoutledge, _c2008. |
||
| 300 |
_a184 p. ; _c24 cm. |
||
| 520 | _aThis volume investigates the impact of a new brand of transnational terrorism and political violence produced by radical Islamist groups from the Maghreb on the regional security dynamics. It describes the causes of the problems and the strategies devised by European and North African states in order to address it and details the successes and failures of co-operation between states and society on both shores of the Mediterranean. Investigating the grand security strategies that have been devised for the Mediterranean after the Cold War and after 9/11, the contributors focus on the role of police and military apparati in securitizing the new threats that have become prominent after 9/11, and the unintended consequences of these strategies. In addition, the contributors analyze the relationship between Islamist groups, the state and society and highlight some key causes of political violence and radicalism. They outline how a better use of the law, migration, and intercultural dialogue might provide useful alternatives or complements to the mostly securitarian strategies that are currently dominant in the region. | ||
| 650 | 0 | _aIslamic fundamentalism | |
| 650 | 0 | _aSecurity, International | |
| 650 | 0 | _aTerrorism--Religious aspects--Islam | |
| 650 | 0 | _aTransnational crime | |
| 650 | 0 | _aTransnationalism | |
| 700 | 1 | _aVolpi, Frederic. | |
| 856 | 4 | 0 |
_3Amazon.com _uhttp://www.amazon.com/exec/obidos/ASIN/0415371260/chopaconline-20 |
| 942 |
_2ddc _cBK |
||
| 999 |
_c14015 _d14015 |
||